00574nam a2200181Ia 4500008004100000082001300041100003000054245005700084250000800141260003200149300001100181500002400192650001500216700003400231942000700265952010300272999001700375230524s9999 xx 000 0 und d a612bLIY aChandrani Liyanage923705 0aRadionuclides in Bimedical Sciences -An Introduction a1ST aNEW DELHIbFoundationc2004 aVI;129 aQuantity Number: 1 aBiomedical a Manjula Hettiarachchi923706 cBK 00104070aTATCLbTATCLcGENd2023-05-24l0o612 LIYp10770r2023-05-24w2023-05-24yBKzBSCM2201 c35248d35248